00885nam a22002657a 4500003000500000005001700005008004100022010000900063011000900072035000900081040000900090082001900099111011400118245001400232260007500246300001100321650004400332650002800376650003800404650002900442650004000471650004500511700003000556700003300586CHAP20220817041151.0971013s1992 r 10010 d a7814 a8786 a8016 cCHAP a382.1bS4 199100aSeminario Internacional América Latina y México ante la Unión Europea ded1992 (d1991c: Puebla, Pue.) aPonencias aMéxico, D.F. :bBenemérita Universidad Autónoma de Puebla,c1992 a250 p.14aAmerica LatinaxCondiciones economicas.14aDesarrollo económico.14aEuropaxCondiciones económicas.14aMercado común europeo.14aMéxicoxCondiciones económicas.14aRelaciones económicas internacionales.0 aEstay Reyno, Jaimeecomp.0 aSototomayor, Héctorecomp.